Nakladanie s odpadom

Spôsoby nakladania s odpadom so zameraním na jeho zber a prepravu, ako aj zhodnotenie a predovšetkým zneškodňovanie. Spôsoby zneškodňovania odpadu, ako je skládkovanie a spaľovanie a jeho špecifické spôsoby využívané v hospodárskej praxi.

Gespeichert in:
Bibliographische Detailangaben
1. Verfasser: Kršák, Branislav
Weitere Verfasser: Stričík, Michal, 1969-, Závadský, Cyril, 1971-, Krigovská, Andrea, 1988-
Format: Buchkapitel
Sprache:Slowakisch
Schlagworte:
Tags: Tag hinzufügen
Keine Tags, Fügen Sie das erste Tag hinzu!

MARC

LEADER 00000nla a2200000 4500
001 0239362
005 20240502073858.3
041 0 |a slo 
044 |a SK 
245 1 0 |a Nakladanie s odpadom  |c Branislav Kršák, Michal Stričík, Cyril Závadský, Andrea Krigovská 
520 |a Spôsoby nakladania s odpadom so zameraním na jeho zber a prepravu, ako aj zhodnotenie a predovšetkým zneškodňovanie. Spôsoby zneškodňovania odpadu, ako je skládkovanie a spaľovanie a jeho špecifické spôsoby využívané v hospodárskej praxi. 
610 2 0 |a hospodárstvo odpadové 
610 2 0 |a odpad 
610 2 0 |a ochrana prostredia životného 
610 2 0 |a ochrana vody 
610 2 0 |a ochrana pôdy 
100 1 |a Kršák, Branislav 
700 1 |a Stričík, Michal, 1969- 
700 1 |a Závadský, Cyril, 1971- 
700 1 |a Krigovská, Andrea, 1988-